| 000 | 01107nam a2200253Ia 4500 | ||
|---|---|---|---|
| 999 |
_c39391 _d39391 |
||
| 001 | 5980 | ||
| 003 | GE_BSU | ||
| 005 | 20191030155131.0 | ||
| 008 | 181216s2012||||ge |||||||||||||| ||geo|| | ||
| 020 | _a97899418238 | ||
| 040 | _cGE_BSU | ||
| 041 | _ageo | ||
| 080 | _a51(076) ნ-67 | ||
| 100 |
_aნინიძე, კონსტანტინე _95112 |
||
| 245 |
_aმათემატიკური ლაბორატორია Maple _cკონსტანტინე ნინიძე ; რედ. ჯემალ სანიკიძე. |
||
| 264 |
_aთბილისი : _bუნივერსალი, _c2012. |
||
| 300 |
_a284 გვ. : _b ნახ. ; _c20 სმ. |
||
| 504 | _a ბიბლიოგრ.: გვ. 264. | ||
| 653 | _aკომპიუტერული ალგებრა; | ||
| 653 | _aკომპიუტერული პროგრამები; | ||
| 700 |
_aსანიკიძე, ჯემალ _eრედაქტორი _95113 |
||
| 710 |
_aსოხუმის სახელმწ. უნ-ტი. _95114 |
||
| 942 |
_cBK _2udc |
||